000 00819nam a2200241 u 4500
005 20240830063856.0
008 120503s2010 r 000 0 eng d
020 _a9789875382800
035 _aUPN01000184327
049 _aCG
050 4 _aLB1027.23
_bS3.2
100 1 _aScheuer, Nora
245 1 0 _aAprender a dibujar y a escribir :
_bLas perspectivas de los niños, sus familias y maestros /
_cNora Scheuer, Montserrat de la Cruz, Juan Ignacio Pozo.
260 _aBuenos Aires :
_bNoveduc,
_c2010.
300 _a271 p. :
_bil.
440 0 _aConjunciones ;
_v20
650 4 _aAprendizaje activo
_91351
650 4 _aDibujo
_xEstudio y enseñanza
_913
650 4 _aAprendizaje de la lectoescritura
_91535
700 1 _aDe la Cruz, Montserrat,
_ecoaut.
700 1 _aPozo, Juan Ignacio,
_ecoaut.
905 _aLibro
999 _c156430
_d156430